000 00472nam a22001457a 4500
008 140902b xxu||||| |||| 00| 0 eng d
020 _a0406091323
050 _aKD275.3.L39(1876-78 vol.2-3)
245 _aThe Law Reports (1876-78 vol.2-3) common pleas division. /
_cedited by J.R.Bulwer.
260 _aLondon:
_bButterworth & Co Ltd,
_c1876-1878.
300 _axiii,596p.:
_c24cm.
440 _pCommon pleas division.
_vvol.2-3.
800 _aBulwer, J.
942 _2lcc
_cBK
999 _c4089
_d11589